Epidemiology survey of fowl pox disease occur in household farmer in roveng commune samrong district takeo province, ការអង្កេតតាមដានពីការសិក្សារាតត្បាតនៃជំងឺអុតមាន់ដែលបានជួបប្រទះនៅតាមគ្រួសារកសិករនៅក្នុងឃុំរវៀង ស្រុកសំរោង ខេត្តតាកែវ (Record no. 8788)

000 -LEADER
fixed length control field 00857nam a22001577a 4500
003 - CONTROL NUMBER IDENTIFIER
control field OSt
005 - DATE AND TIME OF LATEST TRANSACTION
control field 20160815151723.0
008 - FIXED-LENGTH DATA ELEMENTS--GENERAL INFORMATION
fixed length control field 160815b xxu||||| |||| 00| 0 eng d
040 ## - CATALOGING SOURCE
Transcribing agency RUA
082 ## - DEWEY DECIMAL CLASSIFICATION NUMBER
Classification number AVM VAN 2015 B507 Or.1
100 ## - MAIN ENTRY--PERSONAL NAME
9 (RLIN) 9110
Personal name VANN CHAMONY, វណ្ណ ចន្ទមុនី
245 ## - TITLE STATEMENT
Title Epidemiology survey of fowl pox disease occur in household farmer in roveng commune samrong district takeo province, ការអង្កេតតាមដានពីការសិក្សារាតត្បាតនៃជំងឺអុតមាន់ដែលបានជួបប្រទះនៅតាមគ្រួសារកសិករនៅក្នុងឃុំរវៀង ស្រុកសំរោង ខេត្តតាកែវ
260 ## - PUBLICATION, DISTRIBUTION, ETC. (IMPRINT)
Place of publication, distribution, etc. Phnom Penh
Name of publisher, distributor, etc. RUA
Date of publication, distribution, etc. 2015
300 ## - PHYSICAL DESCRIPTION
Extent ix; 37p.
Other physical details ill.
Dimensions 29cm.
942 ## - ADDED ENTRY ELEMENTS (KOHA)
Source of classification or shelving scheme
Koha item type AVM
Holdings
Price effective from Date last seen Permanent Location Not for loan Date acquired Source of classification or shelving scheme Koha item type Lost status Withdrawn status Date last checked out Total Checkouts Shelving location Damaged status Barcode Current Location Full call number
2016-08-152016-08-15Library Block B 2016-08-15 AVM    B507 RUA061903Library Block BAVM VAN 2015 B507 Or.1
2016-08-152016-08-15Library Block B 2016-08-15 AVM    B507 RUA061947Library Block BAVM VAN 2015 B507 Or.2
2016-08-152016-08-15Library Block B 2016-08-15 AVM    B507 RUA062103Library Block BAVM VAN 2015 B507 Or.3
2016-08-152016-08-15Library Block B 2016-08-15 AVM    B507 RUA057228Library Block BAVM VAN 2015 B507 Or.4
2016-08-152016-08-15Library Block B 2016-08-15 AVM    B507 RUA062706Library Block BAVM VAN 2015 B507 Or.5
2016-08-152016-08-15Library Block B 2016-08-15 AVM    B507 RUA061558Library Block BAVM VAN 2015 B507 Or.6
2016-08-152016-10-17Library Block B 2016-08-15 AVM  2016-09-231B507 RUA061896Library Block BAVM VAN 2015 B507 Or.7
2016-08-152017-02-17Library Block B 2016-08-15 AVM  2017-01-171B507 RUA061931Library Block BAVM VAN 2015 B507 Or.8
2021-11-122021-11-12Library Block B 2021-11-12 AVM    B692 A066991Library Block BAVM VAN 2015 B692 Or.1
2021-11-122021-11-12Library Block B 2021-11-12 AVM    B692 A066695Library Block BAVM VAN 2015 B692 Or.1
2021-11-122021-11-12Library Block B 2021-11-12 AVM    B692 A066755Library Block BAVM VAN 2015 B692 Or.1
មជ្ឈមណ្ឌលឯការនៃសាកលវិទ្យាល័យភូមិន្ទកសិកម្មចំការដូង

Powered by Koha